000 00305nam a2200121Ia 4500
005 20251222144849.0
008 251222s9999||||xx |||||||||||||| ||spa||
082 _a658.159/R29
100 _aRayo Cantón, Salvador
245 0 _aTaller Internacional:
264 _bUniversidad del Pacífico
942 _cLIB
999 _c21517
_d21517